Aitihāsika lekha-saṅgraha. (Record no. 62930)

MARC details
000 -LEADER
fixed length control field 00698cam a22002531 4500
001 - CONTROL NUMBER
control field sa 65003029
003 - CONTROL NUMBER IDENTIFIER
control field DLC
005 - DATE AND TIME OF LATEST TRANSACTION
control field 20260227112120.0
008 - FIXED-LENGTH DATA ELEMENTS--GENERAL INFORMATION
fixed length control field 890531s1963 ii a b 000 0 gujo
010 ## - LIBRARY OF CONGRESS CONTROL NUMBER
LC control number sa 65003029
035 ## - SYSTEM CONTROL NUMBER
System control number (OCoLC)19792011
040 ## - CATALOGING SOURCE
Original cataloging agency DLC
Transcribing agency WaU
Modifying agency DLC
042 ## - AUTHENTICATION CODE
Authentication code premarc
043 ## - GEOGRAPHIC AREA CODE
Geographic area code a-ii---
050 00 - LIBRARY OF CONGRESS CALL NUMBER
Classification number PK1850
Item number .G3
100 1# - MAIN ENTRY--PERSONAL NAME
Personal name Gāndhī, Lālacandra Bhagavāndāsa.
245 10 - TITLE STATEMENT
Title Aitihāsika lekha-saṅgraha.
260 ## - PUBLICATION, DISTRIBUTION, ETC.
Date of publication, distribution, etc. [1963]
300 ## - PHYSICAL DESCRIPTION
Extent 27, 676 p.
Other physical details illus.
Dimensions 19 cm.
440 #0 - SERIES STATEMENT/ADDED ENTRY--TITLE
Title Śrī Sayājī sāhityamāḷā ;
Volume/sequential designation 335
500 ## - GENERAL NOTE
General note In Gujarati.
504 ## - BIBLIOGRAPHY, ETC. NOTE
Bibliography, etc. note Bibliographical footnotes.
650 #0 - SUBJECT ADDED ENTRY--TOPICAL TERM
Topical term or geographic name entry element Gujarati literature
General subdivision History and criticism.

No items available.

Powered by Koha